Top 12 Como Blitzball Players Ever - Statistics

General Stats
  • This quiz has been taken 96 times
  • The average score is 8 of 12
Answer Stats
Hint Answer % Correct
3 time ChampionMultiple MVP's Caden Sartain
90%
2 time Champion most recently 2022. Better than his brother in my opinion Chandler Sartain
89%
#Mustangs Country, lets ride. #2 overall pickin 2020 has evolved his game every year and recently won the 2022 MVP Sammy Reazer
87%
#1 blitzball player in the world. In his first year he led his team after 2 last place finishes in a row to a world series title. He also won Cy young that 2022 season Adam Knudsen
74%
2 time Cy Young and 2 time Champion was probably the most feared guy in the league before retiring in 2022 to pursue his baseball career Reece Clapp
72%
#1 overall pick in 2020. Turned around his current team into a perrenial contender in the league. Joey Dimeo
69%
Sidekick to the 3 time ChampionNotorius channel legend Quinn Myers
62%
#Too Easy Longtime player that has burst ontothe scene since his 2021 campaign. He has turned into a great 2 way player for his team Hudson Borgmeyer
52%
Notorious Clutch Hitter Matthew Griffith
49%
Best swag and confidence in the leagueYour mother's favorite player Matthew Zuppardi
49%
Longtime player that retired after leadinghis team to a 1 seed in 2020 and had a 0 era that year Matthew Hauser
33%
Longtime player that hit the longest homerun in game during the 2017 playoffs Sam Koske
33%
No matching quizzes found
Score Distribution
Percent of People with Each Score
Percentile by Number Answered
Your Score History
You have not taken this quiz